La cerámica arqueológica de Cholula (Record no. 7574)

MARC details
000 -CABECERA
campo de control de longitud fija 00733nam a2200241 a 4500
001 - NÚMERO DE CONTROL
campo de control BRCA_7902
005 - FECHA Y HORA DE LA ÚLTIMA TRANSACCIÓN
campo de control 20190320210038.0
008 - DATOS DE LONGITUD FIJA--INFORMACIÓN GENERAL
campo de control de longitud fija 170214s1954----mx-a######---#000-0#spa-#
041 ## - CÓDIGO DE LENGUA
Código de lengua del texto/banda sonora o título independiente spa
044 ## - CÓDIGO DEL PAÍS DE LA ENTIDAD EDITORA/PRODUCTORA
Código MARC del país mx
050 #4 - SIGNATURA TOPOGRÁFICA DE LA BIBLIOTECA DEL CONGRESO
Número de clasificación F1219.3.Ch6
Número de documento/Ítem .N64 1954
100 1# - ENTRADA PRINCIPAL--NOMBRE DE PERSONA
Nombre de persona Noguera, Eduardo
9 (RLIN) 19544
245 10 - MENCIÓN DE TÍTULO
Título La cerámica arqueológica de Cholula
Mención de responsabilidad, etc. Eduardo Noguera.
260 ## - PUBLICACIÓN, DISTRIBUCIÓN, ETC.
Lugar de publicación, distribución, etc. México
Nombre del editor, distribuidor, etc. Guarania
Fecha de publicación, distribución, etc. 1954
300 ## - DESCRIPCIÓN FÍSICA
Extensión 315 p.
Otras características físicas il. (algunas a color), mapas
Dimensiones 25 cm.
500 ## - NOTA GENERAL
Nota general Y179
650 14 - PUNTO DE ACCESO ADICIONAL DE MATERIA--TÉRMINO DE MATERIA
Término de materia o nombre geográfico como elemento de entrada Indígenas de México
Subdivisión general Cerámica
9 (RLIN) 19545
650 14 - PUNTO DE ACCESO ADICIONAL DE MATERIA--TÉRMINO DE MATERIA
Término de materia o nombre geográfico como elemento de entrada Indígenas de México
Subdivisión general Arte
9 (RLIN) 19546
650 14 - PUNTO DE ACCESO ADICIONAL DE MATERIA--TÉRMINO DE MATERIA
Término de materia o nombre geográfico como elemento de entrada Cerámica
Subdivisión general Historia
Subdivisión geográfica Cholula, Puebla
9 (RLIN) 19547
651 #4 - PUNTO DE ACCESO ADICIONAL DE MATERIA--NOMBRE GEOGRÁFICO
Nombre geográfico Cholula, Puebla
Subdivisión general Antigüedades
9 (RLIN) 19548
902 ## - CATALOGADOR
Iniciales GFM
942 ## - ELEMENTOS DE PUNTO DE ACCESO ADICIONAL (KOHA)
Fuente del sistema de clasificación o colocación Library of Congress Classification
Tipo de ítem Koha Libros
Holdings
Estado de retiro Estado de pérdida Estado dañado No para préstamo Localización permanente Ubicación/localización actual Fecha de adquisición Número de inventario Total de préstamos Signatura topográfica completa Código de barras Fecha visto por última vez Precio válido a partir de Tipo de ítem Koha
El ejemplar forma parte de la colección y puede ser consultado según las políticas vigentes.       Biblioteca del Museo Franz Mayer (Rogerio Casas-Alatriste) Biblioteca del Museo Franz Mayer (Rogerio Casas-Alatriste) 12/02/2014 Y179   F1219.3.Ch6 .N64 1954 (Y179) 8513 22/03/2019 22/03/2019 Libros